000 00253nam a2200097Ia 4500
001 688436
005 20250826161615.0
008 250824s9999 xx 000 0 und d
245 0 _aİSTANBULU ÇALIYORLAR
_cGÜLSEVİN KIRAL
260 _bGÜNIŞIĞI YAYINLARI
999 _c688436
_d688436